00707 a2200157 4500003000500000005001700005010001700022040000900039082001400048100001700062245010200079246008600181260004100267300005400308505018700362Nust20230208091154.0 a 2012430203 cNust a954.1,AZA1 aQadri, Azam.10aWhat more can a soldier desire? bNH and SJ, Pakistan's highest decorated Officer / cAzam Qadri.14bMaj. Shabir Sharif, NH and SJ, a story about Pakistan's highest decorated Officer aRawalpindi :bMoving Fingers,c2011. axviii, 224 p. :bill. (some col.), maps ;c24 cm. aMaj Shabir as I Knew Him (Page-1), Maj Shabir in Indo-Pak War of 1965 (Page-85), Maj Shabir Heroics During the Indo-Pak War of 1971 (Page-119), Early Life and Days in PMA (Page-177).